The concept of nature (Record no. 38329)

MARC details
000 -LEADER
fixed length control field 00609nam a2200169 a 4500
008 - FIXED-LENGTH DATA ELEMENTS--GENERAL INFORMATION
fixed length control field 120416s1964 ||||||||||||||||| || u
020 ## - INTERNATIONAL STANDARD BOOK NUMBER
International Standard Book Number 0521092450
050 ## - LIBRARY OF CONGRESS CALL NUMBER
Classification number BD 581 Whi
100 ## - MAIN ENTRY--PERSONAL NAME
Personal name Whitehead, Alfred North
245 14 - TITLE STATEMENT
Title The concept of nature
246 ## - VARYING FORM OF TITLE
Title proper/short title the Tarner lectures delivered in Trinity College, November 1919
260 ## - PUBLICATION, DISTRIBUTION, ETC.
Place of publication, distribution, etc. Cambridge
Name of publisher, distributor, etc. CUP
Date of publication, distribution, etc. 1964
300 ## - PHYSICAL DESCRIPTION
Extent viii, 202p.
350 ## - PRICE (NR) (BK AM CF MU VM SE) [OBSOLETE]
Price 0.00
650 ## - SUBJECT ADDED ENTRY--TOPICAL TERM
Topical term or geographic name entry element PHILOSOPHY
995 ## - RECOMMENDATION 995 [LOCAL, UNIMARC FRANCE]
-- 0.00
-- CBU-MAIN LIBRARY (Kitwe)
-- 1
-- 12.95
-- 1
-- AVAILABLE
-- May 12, 2006
-- Main Library Open Access Collection
Holdings
Withdrawn status Lost status Source of classification or shelving scheme Damaged status Not for loan Home library Current library Shelving location Date acquired Total Checkouts Full call number Barcode Date last seen Price effective from Koha item type
          CBU-MAIN LIBRARY, KITWE. CBU-MAIN LIBRARY, KITWE.   11/30/2022   BD 581 Whi 026138 11/30/2022 11/30/2022 MONOGRAPH